| 000 | 00544nam a22001817a 4500 | ||
|---|---|---|---|
| 005 | 20251108164322.0 | ||
| 008 | 250721s1992 xx 000 0 ara d | ||
| 082 | 1 | 4 | _a385/محم |
| 100 | 1 | _aالقريشي، محمد صالح | |
| 245 | 1 | 0 | _aمقدمة في إقتصاد النقل / |
| 264 | 1 |
_aالموصل : _bدار الكتب للطباعة و النشر، _c1992. |
|
| 300 | _a228ص | ||
| 650 | 1 | 7 | _aالنقل |
| 650 | 1 | 7 | _aإقتصاد النقل |
| 700 | 1 | _aالهيتي، أحمد حسين | |
| 942 |
_2ddc _cBK |
||
| 999 |
_c9204 _d9204 |
||